Analysis and Simulation of Contact Problems

Na minha lista:
Detalhes bibliográficos
Outros Autores: Wriggers, Peter (Editor), Nackenhorst, Udo (Editor)
Formato: Livro
Idioma:inglês
Publicado em: Berlin : Springer-Verlag Berlin Heidelberg, 2006
Edição:1. vyd.
Colecção:Lecture Notes in Applied and Computational Mechanics Volume 27
Assuntos:
Tags: Adicionar Tag
Sem tags, seja o primeiro a adicionar uma tag!

MARC

LEADER 00000nam a22000003a 4500
001 stu124508
005 20190206105051.9
008 060808s2006----gw------------------eng-d
020 |a 3-540-31760-0 
040 |a STU  |b slo 
041 0 |a eng 
044 |a gw 
080 |a 517.98 
100 1 |a Wriggers, Peter  |4 edt 
245 1 |a Analysis and Simulation of Contact Problems 
250 |a 1. vyd. 
260 |a Berlin :  |b Springer-Verlag Berlin Heidelberg,  |c 2006 
300 |a 394 s 
500 |a The lectures presented during the 4th Contact Mechanics International Symposium (CMIS)held in Hannover, Germany, 2005 
650 7 |a funkcionálna analýza a teórie  |2 stusub 
650 7 |a funkcionálna analýza  |2 stusub 
700 1 |a Nackenhorst, Udo  |4 edt 
830 0 |a Lecture Notes in Applied and Computational Mechanics  |v Volume 27 
996 |b 284J029455  |c J*105955  |l JJK10  |s P  |a 0  |w stu124508_0001